000 01159nac a22002771u 4500
010 _a 88039965
020 _a0314402756
082 0 0 _a005.133
_bM3126
090 _c4091
_d4091
100 _aMandell, Steven L.
245 1 0 _aComputer science with Pascal for advanced placement students /
_c Steven L. Mandell, Colleen J. Mandell ; content specialist, Susan K. Baumann.
250 _a2nd ed.
260 _aSt. Paul :
_bWest Pub. Co.,
_cc1989.
300 _axxiii, 546, [65] p. :
_bill. (some col.) ;
_c26 cm.
500 _aIncludes index.
520 _aAn introduction to computers and computer programming with emphasis on constructing programs with Pascal.
650 0 _aPascal (Computer program language)
650 0 _aElectronic digital computers.
650 0 _aPascal (Computer program language)
650 0 _aProgramming languages (Computers)
650 0 _aComputers.
700 1 _aMandell, Colleen J.
700 1 _aMandell, Steven L.
942 _cBB
_k005.133M3126
999 _c4091
_d4091